000 00733nam a22001337a 4500
040 _cRUA
082 _aAVM KON 2013 B104 Or.1
100 _aKONG SOPHANNARO, គង់ សុផាន់ណារ៉ូ
245 _asurvey on infectious diseases of pigs in rolae pa-ear district, kampong chhanang province (ការអង្កេតជំងឺឆ្លងសំខាន់ៗដែលជួបប្រទះញឹកញាប់លើជ្រូកនៅស្រុករលាប្អៀង ខេត្តកំពង់ឆ្នំាង)
260 _aPhnom Penh
_bRUA
_c2013
300 _ax, 48p.
_bill.
_c29cm.
856 _uhttps://drive.google.com/file/d/1RmRJXOFtv7H0jyoCeAq_5QyOOKV9KUZF/view?usp=sharing
942 _cAVM
999 _c2606
_d2606